[Event "Boris Kostic CC-ch"]
[Site "Vrsac"]
[Date "2018.03.11"]
[Round "7"]
[White "Voina, Pau"]
[Black "Grujic, Slavoljub"]
[Result "1-0"]
[WhiteElo "2038"]
[BlackElo "2124"]
[PlyCount "145"]
[EventDate "2018.03.01"]
[EventType "tourn"]
[EventRounds "18"]
[EventCountry "SRB"]
[SourceTitle "EXT 2019"]
[Source "ChessBase"]
[SourceDate "2018.10.10"]
[SourceVersion "1"]
[SourceVersionDate "2018.10.10"]
[SourceQuality "1"]

1. e4 d5 2. exd5 Qxd5 3. Nc3 Qa5 4. h3 Nf6 5. Nf3 c6 6. Bc4 Bf5 7. d3 e6 8. Bd2 Qc7 9. Qe2 Be7 10. 0-0 h6 11. Rfe1 0-0 12. Nd4 Bd6 13. Nxf5 exf5 14. Qf3 Qc8 15. Ne2 Nbd7 16. d4 Ne4 17. Bc1 Ndf6 18. Bd3 Re8 19. Bf4 Qd7 20. Bxd6 Nxd6 21. Ng3 g6 22. c3 Rxe1+ 23. Rxe1 Re8 24. Re5 Nh7 25. Rxe8+ Qxe8 26. Qf4 Qf8 27. c4 Nf6 28. c5 Nb5 29. Bxb5 cxb5 30. Qc7 Qe8 31. Qxb7 Qe1+ 32. Nf1 Ne4 33. Qb8+ Kh7 34. Qf4 Qb4 35. Qe3 Qc4 36. f3 Ng5 37. b3 Qd5 38. Ng3 Ne6 39. Ne2 b4 40. Qf2 a5 41. Qe3 h5 42. f4 f6 43. Qf3 Nc7 44. Qxd5 Nxd5 45. Kf2 Kg7 46. Ke1 Kf7 47. Kd2 Ke7 48. Kd3 Kd7 49. h4 Kc6 50. g3 Kb5 51. Ng1 Kc6 52. Nf3 Nc3 53. a4 Kd5 54. Nd2 Ne4 55. c6 Nd6 56. c7 Kc6 57. Nc4 Nc8 58. Nxa5+ Kxc7 59. Nc4 Kc6 60. a5 Kb5 61. d5 Kc5 62. d6 Kc6 63. d7 Kxd7 64. Nb6+ Nxb6 65. axb6 Kc6 66. Kc4 g5 67. fxg5 fxg5 68. hxg5 f4 69. gxf4 h4 70. g6 h3 71. g7 h2 72. g8Q h1Q 73. Qa8+ 1-0